| 000 | 01341cam a22003257a 4500 | ||
|---|---|---|---|
| 999 |
_c15910 _d15910 |
||
| 003 | EG-ScBUE | ||
| 005 | 20191228123300.0 | ||
| 008 | 110824n iq f 000 0 ara d | ||
| 040 |
_aEG-ScBUE _bara _erda _dEG-ScBUE _cEG-ScBUE |
||
| 041 | 0 |
_aara _aeng |
|
| 082 | 0 | 4 |
_a492.780221 _bو ا س _222 |
| 100 | 1 |
_4واسطي، سلمان، _eمؤلف. |
|
| 245 | 1 | 2 |
_aالترجمة التحريرية / _c[سلمان الواسطي [وثلاثة آخرون. |
| 264 | 1 |
_aالجمهورية العراقية : _bوزارة التعليم العالي والبحث العلمي، _c[تاريخ النشر غير محدد] |
|
| 300 |
_a372 صفحة ؛ _c24 سم |
||
| 336 |
_2rdacontent _aنص _btxt |
||
| 337 |
_2rdamedia _aبدون وسيط _bn |
||
| 338 |
_2rdacarrier _aمجلد _bnc |
||
| 500 | _aيشتمل على ملحق. | ||
| 546 | _aالنص مكتوب باللغتين العربية والإنجليزية. | ||
| 590 | _amahmoud sami | ||
| 650 | 7 |
_926944 _aاللغة العربية _xترجمة إلى الإنجليزية. _2BUEsh |
|
| 651 | _2BUEsh | ||
| 653 |
_bGGEN _cDecember2019 |
||
| 655 | _vReading book | ||
| 700 | 1 |
_aحبيب، كرم _eمؤلف. _926885 |
|
| 700 | 1 |
_eمؤلف. _931528 |
|
| 700 | 1 |
_aوكيل، عبد الوهاب _eمؤلف. _926887 |
|
| 942 |
_2ddc _cBB _h492.780221 و ا س |
||